| 000 | 01101cam a2200313 a 4500 | ||
|---|---|---|---|
| 001 | 14560368 | ||
| 005 | 20170105102845.0 | ||
| 008 | 060920s2008 caua b 001 0 eng | ||
| 010 | _a 2006935083 | ||
| 020 | _a9780534624248 (student ed.) | ||
| 020 | _a0534624243 (student ed.) | ||
| 020 | _a9780495500834 (looseleaf ed.) | ||
| 020 | _a0495500836 (looseleaf ed.) | ||
| 040 |
_aDLC _cDLC _dDLC |
||
| 050 | 0 | 0 |
_aHQ734 _b.S9738 2008 |
| 100 | 1 | _aStrong, Bryan. | |
| 245 | 1 | 4 |
_aThe marriage and family experience : _bintimate relationships in a changing society / _cBryan Strong, Christine DeVault, Theodore F. Cohen. |
| 250 | _a10th ed. | ||
| 260 |
_aBelmont, CA : _bThomson/Wadsworth, _cc2008. |
||
| 300 |
_axxvii, 643 p. : _bill. (some col.) ; _c26 cm. |
||
| 504 | _aIncludes bibliographical references (p. 577-618) and indexes. | ||
| 650 | 0 | _aMarriage. | |
| 650 | 0 | _aFamilies. | |
| 700 | 1 | _aDeVault, Christine. | |
| 700 | 1 | _aCohen, Theodore F. | |
| 906 |
_a7 _bcbc _corigcop _d3 _eepcn _f20 _gy-gencatlg |
||
| 942 |
_2ddc _cBK |
||
| 999 |
_c14025 _d14025 |
||